[Event "Mittelfranken Landesliga Nord 2223"]
[Site "Mittelfranken"]
[Date "2023.02.05"]
[Round "6.6"]
[White "Ter Akopyan, Bagrat"]
[Black "Lautner, Juergen"]
[Result "0-1"]
[WhiteElo "2049"]
[BlackElo "1991"]
[PlyCount "86"]
[EventDate "2022.10.09"]
[EventType "team-tourn"]
[EventRounds "9"]
[EventCountry "GER"]
[SourceTitle "EXT 2024"]
[Source "ChessBase"]
[SourceDate "2023.10.10"]
[SourceVersion "1"]
[SourceVersionDate "2023.10.10"]
[SourceQuality "1"]
[WhiteTeam "Herzogenaurach"]
[BlackTeam "Schwandorf"]
[WhiteTeamCountry "GER"]
[BlackTeamCountry "GER"]

1. e4 c5 2. Be2 Nc6 3. f4 g6 4. Nf3 Bg7 5. 0-0 e6 6. d3 Nge7 7. c3 d6 8. Na3 e5 9. fxe5 Nxe5 10. Nxe5 dxe5 11. Bg5 0-0 12. Nc4 f6 13. Bh4 Be6 14. Ne3 h5 15. Bf2 Nc6 16. g4 hxg4 17. Bxg4 f5 18. Bf3 f4 19. Nd5 b6 20. c4 Bh3 21. Re1 Qd7 22. Kh1 Kf7 23. Rg1 Rh8 24. Bg4 Bxg4 25. Rxg4 Rh6 26. Qf3 Rah8 27. h4 Bf6 28. Nxf6 Kxf6 29. Rag1 Rd8 30. Qh3 Ne7 31. Rd1 Kf7 32. Qg2 Rdh8 33. Kg1 Nc6 34. Rg5 Qe6 35. a3 Nd4 36. b4 Qe7 37. bxc5 Qxc5 38. Rb1 Qxa3 39. Bxd4 Qxd3 40. Qb2 Rxh4 41. Kf2 Rh2+ 42. Rg2 Rxg2+ 43. Kxg2 Qg3+ 0-1

[Event "Mittelfranken Landesliga Nord 2122"]
[Site "Mittelfranken"]
[Date "2022.05.29"]
[Round "9.5"]
[White "Lautner, Juergen"]
[Black "Brueckner, Alexander"]
[Result "1/2-1/2"]
[WhiteElo "1999"]
[BlackElo "1910"]
[PlyCount "49"]
[EventDate "2021.10.24"]
[EventType "team-tourn"]
[EventRounds "9"]
[EventCountry "GER"]
[SourceTitle "EXT 2024"]
[Source "ChessBase"]
[SourceDate "2023.10.10"]
[SourceVersion "1"]
[SourceVersionDate "2023.10.10"]
[SourceQuality "1"]
[WhiteTeam "Schwandorf"]
[BlackTeam "Schweinfurt"]
[WhiteTeamCountry "GER"]
[BlackTeamCountry "GER"]

1. c4 e5 2. g3 Nc6 3. Nc3 d6 4. Bg2 Be6 5. d3 Qd7 6. Nd5 Nd8 7. e4 c6 8. Ne3 g6 9. d4 exd4 10. Qxd4 f6 11. b3 Bg7 12. Bb2 Ne7 13. Ne2 0-0 14. Rd1 Nf7 15. 0-0 c5 16. Qd2 Nc6 17. Nd5 Nce5 18. f4 Ng4 19. h3 Bxd5 20. cxd5 Ngh6 21. g4 g5 22. Ng3 gxf4 23. Qxf4 Ne5 24. Nh5 Kh8 25. Qf2 1/2-1/2

[Event "Landesliga Nord 1920"]
[Site "Bayern"]
[Date "2019.11.10"]
[Round "2.5"]
[White "Lautner, Juergen"]
[Black "Balle, Alfred"]
[Result "1-0"]
[WhiteElo "2005"]
[BlackElo "1880"]
[PlyCount "99"]
[EventDate "2019.09.29"]
[EventType "team-tourn"]
[EventRounds "9"]
[EventCountry "GER"]
[SourceTitle "EXT 2021"]
[Source "ChessBase"]
[SourceDate "2020.10.23"]
[SourceVersion "1"]
[SourceVersionDate "2020.10.23"]
[SourceQuality "1"]
[WhiteTeam "Schwandorf"]
[BlackTeam "Forchheim"]
[WhiteTeamCountry "GER"]
[BlackTeamCountry "GER"]

1. c4 e5 2. g3 Nc6 3. Nc3 g6 4. Bg2 Bg7 5. e4 d6 6. Nge2 Be6 7. d3 Qd7 8. Nd5 Nce7 9. d4 c6 10. Ne3 Bh3 11. dxe5 dxe5 12. Qxd7+ Bxd7 13. b3 Nh6 14. Ba3 f6 15. Rd1 Nf7 16. 0-0 Rd8 17. f4 Nc8 18. c5 0-0 19. Nc4 Bg4 20. Kf2 Rxd1 21. Rxd1 Rd8 22. Rxd8+ Nxd8 23. fxe5 fxe5 24. Bb2 Nf7 25. Na5 Nd8 26. Nc4 Nf7 27. Nc1 Be6 28. Bf1 Kf8 29. Na5 Nd8 30. Nc4 Nf7 31. Ne3 Ke7 32. Nd3 Kd7 33. h4 Ne7 34. Be2 h5 35. g4 hxg4 36. Nxg4 Kc7 37. Ngxe5 Nxe5 38. Bxe5+ Bxe5 39. Nxe5 b6 40. cxb6+ axb6 41. Ke3 Kd6 42. Nd3 c5 43. Nf4 Bf7 44. Bc4 Bxc4 45. bxc4 Kc6 46. Nd5 Nc8 47. Kf4 Nd6 48. Ne7+ Kd7 49. Nxg6 Nxc4 50. Ne5+ 1-0

[Event "Regionalliga Nord-Ost 1718"]
[Site "Bayern"]
[Date "2018.04.15"]
[Round "9.5"]
[White "Goetz, Dieter"]
[Black "Lautner, Juergen"]
[Result "1/2-1/2"]
[WhiteElo "1865"]
[BlackElo "1989"]
[PlyCount "20"]
[EventDate "2017.10.22"]
[EventType "team-tourn"]
[EventRounds "9"]
[EventCountry "GER"]
[SourceTitle "EXT 2022"]
[Source "ChessBase"]
[SourceDate "2021.10.06"]
[SourceVersion "1"]
[SourceVersionDate "2021.10.06"]
[SourceQuality "1"]
[WhiteTeam "Nuernberg SK 1911"]
[BlackTeam "Schwandorf"]
[WhiteTeamCountry "GER"]
[BlackTeamCountry "GER"]

1. c4 f5 2. Nc3 Nf6 3. g3 d6 4. Bg2 e5 5. d3 Be7 6. e4 Nc6 7. Nge2 0-0 8. 0-0 Qe8 9. Nd5 Bd8 10. h3 fxe4 1/2-1/2

[Event "Regionalliga Nord-Ost 1718"]
[Site "Bayern"]
[Date "2018.02.25"]
[Round "7.5"]
[White "Haeckler, Daniel"]
[Black "Lautner, Juergen"]
[Result "1/2-1/2"]
[WhiteElo "2086"]
[BlackElo "1989"]
[PlyCount "53"]
[EventDate "2017.10.22"]
[EventType "team-tourn"]
[EventRounds "9"]
[EventCountry "GER"]
[SourceTitle "EXT 2022"]
[Source "ChessBase"]
[SourceDate "2021.10.06"]
[SourceVersion "1"]
[SourceVersionDate "2021.10.06"]
[SourceQuality "1"]
[WhiteTeam "Buechenbach/Roth"]
[BlackTeam "Schwandorf"]
[WhiteTeamCountry "GER"]
[BlackTeamCountry "GER"]

1. e4 c5 2. c3 g6 3. d4 cxd4 4. cxd4 d5 5. e5 Bg7 6. Nc3 Nc6 7. Bb5 f6 8. Nf3 Bg4 9. Qa4 Qd7 10. exf6 exf6 11. Be2 Nge7 12. 0-0 0-0 13. h3 Be6 14. Bf4 a6 15. b4 Nf5 16. Rfd1 g5 17. Bh2 b5 18. Qb3 Qa7 19. Qb2 Nfxd4 20. Nxd4 Nxd4 21. Bd3 Rad8 22. a4 Qb6 23. axb5 axb5 24. Ra5 f5 25. Qa3 f4 26. Ra6 Qb7 27. Ra7 1/2-1/2

[Event "Regionalliga Nord-Ost 1718"]
[Site "Bayern"]
[Date "2017.10.22"]
[Round "1.5"]
[White "Lautner, Juergen"]
[Black "Eichstaedt, Timm"]
[Result "1-0"]
[WhiteElo "1989"]
[BlackElo "1877"]
[PlyCount "35"]
[EventDate "2017.10.22"]
[EventType "team-tourn"]
[EventRounds "9"]
[EventCountry "GER"]
[SourceTitle "EXT 2022"]
[Source "ChessBase"]
[SourceDate "2021.10.06"]
[SourceVersion "1"]
[SourceVersionDate "2021.10.06"]
[SourceQuality "1"]
[WhiteTeam "Schwandorf"]
[BlackTeam "Herzogenaurach II"]
[WhiteTeamCountry "GER"]
[BlackTeamCountry "GER"]

1. c4 b6 2. Nc3 Bb7 3. e4 e6 4. g3 d6 5. Bg2 Nf6 6. Nge2 Be7 7. 0-0 0-0 8. d3 Nc6 9. f4 d5 10. cxd5 exd5 11. e5 Ng4 12. d4 Na5 13. h3 Nh6 14. f5 Bg5 15. f6 Bxc1 16. Qxc1 c5 17. Qg5 Nf5 18. Rxf5 1-0

[Event "Regionalliga NO 1617"]
[Site "Bayern"]
[Date "2017.04.30"]
[Round "9.4"]
[White "Seregelyes, Csaba"]
[Black "Lautner, Juergen"]
[Result "1/2-1/2"]
[WhiteElo "1917"]
[BlackElo "1987"]
[PlyCount "31"]
[EventDate "2016.10.16"]
[EventType "team-tourn"]
[EventRounds "9"]
[EventCountry "GER"]
[SourceTitle "EXT 2019"]
[Source "ChessBase"]
[SourceDate "2018.10.10"]
[SourceVersion "1"]
[SourceVersionDate "2018.10.10"]
[SourceQuality "1"]
[WhiteTeam "Herzogenaurach II"]
[BlackTeam "Schwandorf"]
[WhiteTeamCountry "GER"]
[BlackTeamCountry "GER"]

1. e4 c5 2. c3 g6 3. d4 cxd4 4. cxd4 d5 5. exd5 Nf6 6. Bb5+ Nbd7 7. Nc3 a6 8. Qa4 Bg7 9. Nf3 0-0 10. Bxd7 Qxd7 11. Qxd7 Bxd7 12. Bg5 Rad8 13. 0-0 Bc8 14. Rfe1 Nxd5 15. Nxd5 Rxd5 16. Rxe7 1/2-1/2

[Event "Regionalliga NO 1516"]
[Site "Bayern"]
[Date "2015.10.25"]
[Round "2.4"]
[White "Liess, Marcus"]
[Black "Lautner, Juergen"]
[Result "1/2-1/2"]
[WhiteElo "1917"]
[BlackElo "1987"]
[PlyCount "42"]
[EventDate "2015.10.11"]
[EventType "team-tourn"]
[EventRounds "9"]
[EventCountry "GER"]
[SourceTitle "EXT 2018"]
[Source "ChessBase"]
[SourceDate "2017.10.13"]
[SourceVersion "1"]
[SourceVersionDate "2017.10.13"]
[SourceQuality "1"]
[WhiteTeam "Regensburg Turnerschaft"]
[BlackTeam "Schwandorf"]
[WhiteTeamCountry "GER"]
[BlackTeamCountry "GER"]

1. e4 c5 2. Nc3 g6 3. f4 Bg7 4. Nf3 Nc6 5. Bc4 e6 6. 0-0 Nge7 7. d3 0-0 8. Bb3 d5 9. Qe1 Na5 10. exd5 Nxb3 11. axb3 exd5 12. Qf2 b6 13. d4 Bb7 14. Rd1 c4 15. bxc4 dxc4 16. Ne5 Nf5 17. Ra4 b5 18. Ra1 a6 19. Be3 b4 20. Na4 Bd5 21. c3 b3 1/2-1/2

[Event "Regionalliga NO 1516"]
[Site "Bayern"]
[Date "2015.10.11"]
[Round "1.5"]
[White "Bildt, Maximilian"]
[Black "Lautner, Juergen"]
[Result "1-0"]
[WhiteElo "2079"]
[BlackElo "1987"]
[PlyCount "125"]
[EventDate "2015.10.11"]
[EventType "team-tourn"]
[EventRounds "9"]
[EventCountry "GER"]
[SourceTitle "EXT 2018"]
[Source "ChessBase"]
[SourceDate "2017.10.13"]
[SourceVersion "1"]
[SourceVersionDate "2017.10.13"]
[SourceQuality "1"]
[WhiteTeam "Zirndorf"]
[BlackTeam "Schwandorf"]
[WhiteTeamCountry "GER"]
[BlackTeamCountry "GER"]

1. e4 c5 2. Nf3 g6 3. d4 cxd4 4. Nxd4 Nc6 5. c4 Nf6 6. Nc3 d6 7. Be2 Nxd4 8. Qxd4 Bg7 9. Be3 0-0 10. Qd2 Qa5 11. 0-0 Be6 12. f3 Rfc8 13. b3 a6 14. Rac1 b5 15. Nd5 Qxd2 16. Bxd2 Nxd5 17. cxd5 Bd7 18. Rxc8+ Rxc8 19. Rc1 Rxc1+ 20. Bxc1 Bd4+ 21. Kf1 Kf8 22. Ke1 Ke8 23. Kd2 Kd8 24. b4 Be5 25. h3 Bf4+ 26. Kc2 Bxc1 27. Kxc1 e5 28. dxe6 Bxe6 29. Kb2 Ke7 30. a4 Bd7 31. axb5 axb5 32. Kc3 f6 33. f4 g5 34. fxg5 fxg5 35. Kd4 Bc6 36. Bg4 Kf6 37. g3 h6 38. Bc8 h5 39. h4 gxh4 40. gxh4 Ke7 41. e5 Bf3 42. Bf5 Be2 43. Bh3 Bc4 44. Ke4 Be2 45. Bc8 Bc4 46. Bf5 Be2 47. Kf4 Bc4 48. Bg6 Be2 49. exd6+ Kxd6 50. Kg5 Kd5 51. Bxh5 Bd3 52. Bf7+ Kd4 53. h5 Kc3 54. h6 Bh7 55. Kf6 Kxb4 56. Kg7 Be4 57. Bg6 Bxg6 58. Kxg6 Ka3 59. h7 b4 60. h8Q Ka2 61. Qh2+ Kb1 62. Qg1+ Kc2 63. Qf2+ 1-0

[Event "Landesliga Nord 0910"]
[Site "Bayern"]
[Date "2010.02.07"]
[Round "6.8"]
[White "Maurer, Christian"]
[Black "Lautner, Juergen"]
[Result "1/2-1/2"]
[WhiteElo "2037"]
[BlackElo "1896"]
[PlyCount "87"]
[EventDate "2009.10.18"]
[EventType "team-tourn"]
[EventRounds "9"]
[EventCountry "GER"]
[SourceTitle "EXT 2011"]
[Source "ChessBase"]
[SourceDate "2010.11.26"]
[SourceVersion "1"]
[SourceVersionDate "2010.11.26"]
[SourceQuality "1"]
[WhiteTeam "Kelheim"]
[BlackTeam "Schwandorf"]
[WhiteTeamCountry "GER"]
[BlackTeamCountry "GER"]

1. d4 Nf6 2. Nf3 e6 3. Bg5 h6 4. Bh4 c5 5. e3 cxd4 6. exd4 b6 7. Bd3 Bb7 8. Nbd2 Be7 9. 0-0 0-0 10. c3 Nc6 11. Re1 Nd5 12. Bxe7 Ncxe7 13. Rc1 Nf4 14. Be4 Bxe4 15. Nxe4 d5 16. Ng3 Neg6 17. Ne2 Qf6 18. Nxf4 Qxf4 19. Qd3 Rac8 20. g3 Qd6 21. Rc2 Qc7 22. Qa6 Qc4 23. Qxc4 Rxc4 24. Kf1 Rfc8 25. Ke2 b5 26. Kd3 Kf8 27. a3 Ne7 28. Ne5 R4c7 29. f4 Nf5 30. Nf3 Nd6 31. Nd2 g6 32. g4 a6 33. Rcc1 Nc4 34. Nxc4 bxc4+ 35. Kc2 Rb7 36. Rb1 Rcb8 37. Re3 Kg7 38. Re5 Rb6 39. f5 gxf5 40. gxf5 Kf6 41. fxe6 fxe6 42. Re2 a5 43. Rf1+ Ke7 44. Kc1 1/2-1/2

[Event "Landesliga Nord 0910"]
[Site "Bayern"]
[Date "2010.01.24"]
[Round "5.8"]
[White "Lautner, Juergen"]
[Black "Gies, Hans Joerg"]
[Result "1/2-1/2"]
[WhiteElo "1896"]
[BlackElo "1803"]
[PlyCount "20"]
[EventDate "2009.10.18"]
[EventType "team-tourn"]
[EventRounds "9"]
[EventCountry "GER"]
[SourceTitle "EXT 2011"]
[Source "ChessBase"]
[SourceDate "2010.11.26"]
[SourceVersion "1"]
[SourceVersionDate "2010.11.26"]
[SourceQuality "1"]
[WhiteTeam "Schwandorf"]
[BlackTeam "Klingenberg"]
[WhiteTeamCountry "GER"]
[BlackTeamCountry "GER"]

1. d4 c5 2. e3 cxd4 3. exd4 d5 4. Bd3 Nc6 5. c3 g6 6. Bf4 Bg7 7. Nf3 Nf6 8. 0-0 0-0 9. Nbd2 Nh5 10. Bg3 Nxg3 1/2-1/2

[Event "Donau op 18th"]
[Site "Aschach"]
[Date "2009.12.27"]
[Round "3"]
[White "Sandhoefner, Florian"]
[Black "Lautner, Juergen"]
[Result "0-1"]
[WhiteElo "2129"]
[BlackElo "1932"]
[PlyCount "60"]
[EventDate "2009.12.26"]
[EventType "swiss"]
[EventRounds "7"]
[EventCountry "AUT"]
[SourceTitle "CBM 134 Extra"]
[Source "ChessBase"]
[SourceDate "2010.03.03"]
[SourceVersion "1"]
[SourceVersionDate "2010.03.03"]
[SourceQuality "1"]

1. e4 Nf6 2. e5 Nd5 3. d4 d6 4. Nf3 g6 5. c4 Nb6 6. Nc3 Bg7 7. exd6 cxd6 8. Be3 0-0 9. Be2 Bg4 10. b3 Nc6 11. Rc1 d5 12. c5 Nc8 13. h3 Bxf3 14. Bxf3 e6 15. 0-0 N8e7 16. Ne2 Nf5 17. Qd2 Nh4 18. Bg4 h5 19. Bg5 Bf6 20. Bxh4 Bxh4 21. Bf3 Bg5 22. Qb2 Bxc1 23. Rxc1 Re8 24. Rd1 Qf6 25. b4 b5 26. a4 a6 27. a5 Kg7 28. Rd3 Rad8 29. Qd2 e5 30. dxe5 Nxe5 0-1

[Event "Landesliga Nord 0910"]
[Site "Bayern"]
[Date "2009.12.13"]
[Round "4.8"]
[White "Erlbeck, Peter"]
[Black "Lautner, Juergen"]
[Result "1-0"]
[WhiteElo "2033"]
[BlackElo "1896"]
[PlyCount "63"]
[EventDate "2009.10.18"]
[EventType "team-tourn"]
[EventRounds "9"]
[EventCountry "GER"]
[SourceTitle "EXT 2011"]
[Source "ChessBase"]
[SourceDate "2010.11.26"]
[SourceVersion "1"]
[SourceVersionDate "2010.11.26"]
[SourceQuality "1"]
[WhiteTeam "Nuernberg Sued SW"]
[BlackTeam "Schwandorf"]
[WhiteTeamCountry "GER"]
[BlackTeamCountry "GER"]

1. e4 c5 2. Nc3 g6 3. f4 Nc6 4. Nf3 Bg7 5. Bc4 e6 6. f5 Nge7 7. fxe6 dxe6 8. d3 0-0 9. 0-0 Na5 10. Bb3 Nec6 11. Be3 b6 12. Qd2 Ba6 13. Bg5 Qc7 14. Bf4 Qd8 15. Qe2 Nd4 16. Nxd4 cxd4 17. Nb1 Qd7 18. Nd2 Nxb3 19. axb3 Bb5 20. Nf3 f6 21. e5 f5 22. Qf2 Rad8 23. Bg5 Rc8 24. Rfe1 h6 25. Bf6 Rxf6 26. exf6 Bxf6 27. Re2 Bc6 28. Ne5 Bxe5 29. Rxe5 Qd6 30. Rae1 Bd5 31. R1e2 Be4 32. Qg3 1-0

[Event "Landesliga Nord 0809"]
[Site "Bayern"]
[Date "2009.03.15"]
[Round "8.6"]
[White "Priborsky, Marek"]
[Black "Lautner, Juergen"]
[Result "1/2-1/2"]
[WhiteElo "2170"]
[BlackElo "1942"]
[PlyCount "28"]
[EventDate "2008.10.05"]
[EventType "team-tourn"]
[EventRounds "9"]
[EventCountry "GER"]
[SourceTitle "EXT 2020"]
[Source "ChessBase"]
[SourceDate "2019.10.17"]
[SourceVersion "1"]
[SourceVersionDate "2019.10.17"]
[SourceQuality "1"]
[WhiteTeam "Koetzting"]
[BlackTeam "Schwandorf"]
[WhiteTeamCountry "GER"]
[BlackTeamCountry "GER"]

1. e4 c5 2. c3 Nf6 3. e5 Nd5 4. d4 cxd4 5. Nf3 e6 6. cxd4 d6 7. Bc4 Nc6 8. 0-0 Be7 9. a3 0-0 10. Qe2 Na5 11. Bd3 Nb3 12. Ra2 Nxc1 13. Rxc1 Nf4 14. Qe4 Nxd3 1/2-1/2

[Event "Landesliga Nord 0809"]
[Site "Bayern"]
[Date "2008.10.05"]
[Round "1.8"]
[White "Fredrich, Viktor"]
[Black "Lautner, Juergen"]
[Result "1/2-1/2"]
[WhiteElo "1979"]
[BlackElo "1942"]
[PlyCount "182"]
[EventDate "2008.10.05"]
[EventType "team-tourn"]
[EventRounds "9"]
[EventCountry "GER"]
[SourceTitle "EXT 2020"]
[Source "ChessBase"]
[SourceDate "2019.10.17"]
[SourceVersion "1"]
[SourceVersionDate "2019.10.17"]
[SourceQuality "1"]
[WhiteTeam "Kulmbach"]
[BlackTeam "Schwandorf"]
[WhiteTeamCountry "GER"]
[BlackTeamCountry "GER"]

1. d4 d6 2. c4 e5 3. d5 f5 4. Nc3 Nf6 5. g3 g6 6. Bg2 Bg7 7. e4 0-0 8. Nge2 Na6 9. f3 f4 10. gxf4 Nh5 11. f5 Qh4+ 12. Kf1 gxf5 13. Qe1 Qxe1+ 14. Kxe1 f4 15. Ng1 Bf6 16. Ke2 Kf7 17. Bd2 Rg8 18. Bf1 Bd7 19. Be1 Rg6 20. Bf2 Rag8 21. Rc1 b6 22. Nb5 h6 23. Nh3 Ng3+ 24. hxg3 fxg3 25. Bxg3 Rxg3 26. Nf2 Bg5 27. Rc3 Bf4 28. Ra3 Bc8 29. Nxc7 Nb4 30. Rxa7 Kf6 31. Ne6 Bxe6 32. dxe6 Nc2 33. Ng4+ Kxe6 34. Nxh6 Nd4+ 35. Kd1 Rh8 36. Bh3+ Rxh3 37. Rxh3 Rxh6 38. Rxh6+ Bxh6 39. Rb7 Nxf3 40. Ke2 Nd2 41. Kd3 Nf1 42. Rxb6 Be3 43. Rb7 Bd4 44. a4 Ne3 45. a5 Nd1 46. Kc2 Nf2 47. a6 Nxe4 48. a7 Bxa7 49. Rxa7 Nc5 50. b4 Nd7 51. Rb7 e4 52. Kc3 Ne5 53. Rh7 e3 54. Rh3 Ng4 55. Rh4 Nf2 56. b5 Kd7 57. Rh7+ Kd8 58. b6 Kc8 59. b7+ Kb8 60. Re7 Ng4 61. Rd7 Ne5 62. Rxd6 e2 63. Rd8+ Kxb7 64. Kd2 Nxc4+ 65. Kxe2 Kc7 66. Rd4 Nd6 67. Kd3 Kc6 68. Rf4 Kd5 69. Rh4 Ke5 70. Rh5+ Nf5 71. Rh1 Nd6 72. Re1+ Kd5 73. Re7 Nf5 74. Re4 Nd6 75. Rh4 Nf5 76. Ra4 Ke5 77. Ra5+ Kf4 78. Rb5 Nd6 79. Rb4+ Ke5 80. Ra4 Nf5 81. Ra5+ Ke6 82. Ke4 Nd6+ 83. Kf4 Nc4 84. Rc5 Nd6 85. Rh5 Nc4 86. Rf5 Nd6 87. Rc5 Nf7 88. Rc1 Nd6 89. Re1+ Kf6 90. Ra1 Ke6 91. Ra6 Kd5 1/2-1/2

[Event "Landesliga Nord 0708"]
[Site "Bayern"]
[Date "2007.10.21"]
[Round "1.8"]
[White "Lautner, Juergen"]
[Black "Worschech, Roland"]
[Result "1-0"]
[WhiteElo "1915"]
[BlackElo "1771"]
[PlyCount "80"]
[EventDate "2007.10.21"]
[EventType "team-tourn"]
[EventRounds "9"]
[EventCountry "GER"]
[SourceTitle "EXT 2009"]
[Source "ChessBase"]
[SourceDate "2008.11.26"]
[SourceVersion "1"]
[SourceVersionDate "2008.11.26"]
[SourceQuality "1"]
[WhiteTeam "Schwandorf"]
[BlackTeam "Kulmbach"]
[WhiteTeamCountry "GER"]
[BlackTeamCountry "GER"]

1. d4 Nf6 2. Bg5 e6 3. e3 Be7 4. Bd3 d5 5. Nd2 Nbd7 6. f4 c5 7. c3 c4 8. Bc2 b5 9. Ngf3 h6 10. Bxf6 Nxf6 11. Ne5 Bb7 12. 0-0 Bd6 13. Qf3 Qe7 14. g4 Bxe5 15. fxe5 Nd7 16. a4 a6 17. Kg2 Rf8 18. axb5 axb5 19. Rxa8+ Bxa8 20. Ra1 Nb6 21. Qg3 Kd8 22. e4 Kc8 23. exd5 Bxd5+ 24. Be4 Kb7 25. Bxd5+ exd5 26. Nf1 Ra8 27. Rxa8 Nxa8 28. Ne3 Nc7 29. Qf3 Kc6 30. Nf5 Qd8 31. Nd6 Ne6 32. Nxf7 Qe7 33. Qf5 g6 34. Qxg6 Kd7 35. Qf5 Qh4 36. Nd6 Qe7 37. Kg3 Kc6 38. h4 b4 39. Qf3 bxc3 40. bxc3 Nc5 1-0

[Event "Regionalliga NO 0506"]
[Site "Bayern"]
[Date "2006.01.15"]
[Round "5.8"]
[White "Fising, Robert"]
[Black "Lautner, Juergen"]
[Result "1/2-1/2"]
[WhiteElo "1629"]
[BlackElo "1934"]
[PlyCount "129"]
[EventDate "2005.10.23"]
[EventType "team-tourn"]
[EventRounds "9"]
[EventCountry "GER"]
[SourceTitle "EXT 2007"]
[Source "ChessBase"]
[SourceDate "2006.11.23"]
[SourceVersion "1"]
[SourceVersionDate "2006.11.23"]
[SourceQuality "1"]

1. Nf3 d6 2. d4 Nf6 3. Nbd2 g6 4. b3 Bg7 5. Bb2 0-0 6. e4 c6 7. Bd3 Nbd7 8. 0-0 Qc7 9. Qe2 Nh5 10. g3 e5 11. dxe5 dxe5 12. Nh4 Nc5 13. Ba3 Nxd3 14. Qxd3 Rd8 15. Qe3 Be6 16. Rfd1 Rd7 17. Qe2 Qa5 18. Bb2 Rad8 19. c3 Bh6 20. Nhf3 f6 21. Kf1 b5 22. Ke1 Bg4 23. Nf1 Rxd1+ 24. Rxd1 Rxd1+ 25. Kxd1 Qxa2 26. Kc2 Bf8 27. Ne3 Be6 28. Nd2 a5 29. c4 a4 30. bxa4 Qxa4+ 31. Kb1 Ba3 32. Bxa3 Qxa3 33. cxb5 Ba2+ 34. Kc2 Qa4+ 35. Kb2 cxb5 36. Qd3 Bf7 37. Nd5 Qa6 38. Qa3 Qxa3+ 39. Kxa3 f5 40. f3 Kg7 41. Nc7 Nf6 42. Nxb5 fxe4 43. fxe4 Ng4 44. h4 Nf2 45. Nd6 Be6 46. Nf3 Kf6 47. Kb4 Nh1 48. Ng5 h6 49. Nxe6 Kxe6 50. Nc4 Nxg3 51. Nd2 g5 52. hxg5 hxg5 53. Kc4 Ne2 54. Kd3 Nd4 55. Ke3 Kf6 56. Kf2 g4 57. Nc4 Nf3 58. Kg3 Kg5 59. Ne3 Nd2 60. Nxg4 Nxe4+ 61. Kf3 Nd2+ 62. Kg3 e4 63. Ne3 Nf3 64. Kf2 Ne5 65. Nd5 1/2-1/2

[Event "Regionalliga NO 0506"]
[Site "Bayern"]
[Date "2005.12.11"]
[Round "4.7"]
[White "Mueller, Robert"]
[Black "Lautner, Juergen"]
[Result "0-1"]
[WhiteElo "1740"]
[BlackElo "1934"]
[PlyCount "85"]
[EventDate "2005.10.23"]
[EventType "team-tourn"]
[EventRounds "9"]
[EventCountry "GER"]
[SourceTitle "EXT 2007"]
[Source "ChessBase"]
[SourceDate "2006.11.23"]
[SourceVersion "1"]
[SourceVersionDate "2006.11.23"]
[SourceQuality "1"]

1. e4 d5 2. exd5 Qxd5 3. Nf3 Bg4 4. Be2 Nf6 5. Nc3 Qd6 6. 0-0 c6 7. d4 e6 8. Re1 Nbd7 9. Be3 Qc7 10. a3 Bd6 11. h3 Bh5 12. Nd2 Bg6 13. Bf3 Nd5 14. Nde4 Be7 15. Qd2 Nxe3 16. Qxe3 0-0 17. Rad1 Rfe8 18. Ne2 Nb6 19. Qc1 h6 20. c4 Rad8 21. b3 Nd7 22. N2c3 f5 23. Ng3 Bg5 24. Qb2 Nf6 25. Qe2 Qb6 26. b4 Rxd4 27. c5 Qd8 28. Nh5 Nxh5 29. Bxh5 Bxh5 30. Qxh5 Re7 31. Qg6 Rxd1 32. Rxd1 Qe8 33. Qxe8+ Rxe8 34. Rd7 Re7 35. Rxe7 Bxe7 36. f4 g5 37. g3 Bf6 38. Ne2 Bb2 39. a4 Kf7 40. Kg2 Ba3 41. b5 cxb5 42. axb5 Bxc5 43. Nc3 0-1

[Event "Regionalliga NO 0506"]
[Site "Bayern"]
[Date "2005.10.23"]
[Round "1.7"]
[White "Lautner, Juergen"]
[Black "Sippl, Martin"]
[Result "1/2-1/2"]
[WhiteElo "1934"]
[BlackElo "1942"]
[PlyCount "52"]
[EventDate "2005.10.23"]
[EventType "team-tourn"]
[EventRounds "9"]
[EventCountry "GER"]
[SourceTitle "EXT 2007"]
[Source "ChessBase"]
[SourceDate "2006.11.23"]
[SourceVersion "1"]
[SourceVersionDate "2006.11.23"]
[SourceQuality "1"]

1. d4 Nf6 2. Bg5 Ne4 3. Bf4 d6 4. f3 Nf6 5. e4 g6 6. Nc3 c6 7. Qd2 Bg7 8. 0-0-0 b5 9. Kb1 Nbd7 10. Bh6 Bxh6 11. Qxh6 b4 12. Nce2 Qc7 13. Nc1 a5 14. Nh3 Nb6 15. Nf4 Ba6 16. Bxa6 Rxa6 17. e5 dxe5 18. dxe5 Nfd5 19. Qg7 Rf8 20. Ncd3 e6 21. Nc5 Ra7 22. Nxd5 cxd5 23. Nd3 Nc4 24. Rhe1 h5 25. f4 Qb6 26. f5 gxf5 1/2-1/2

[Event "Oberpfalz-ch M1"]
[Site "Schwarzenfeld"]
[Date "2005.??.??"]
[Round "8"]
[White "Lautner, Juergen"]
[Black "Giessmann, Stephan"]
[Result "0-1"]
[WhiteElo "1948"]
[BlackElo "2276"]
[PlyCount "130"]
[EventDate "2005.03.19"]
[EventType "swiss"]
[EventRounds "8"]
[EventCountry "GER"]
[SourceTitle "EXT 2022"]
[Source "ChessBase"]
[SourceDate "2021.10.06"]
[SourceVersion "1"]
[SourceVersionDate "2021.10.06"]
[SourceQuality "1"]

1. d4 d5 2. Nf3 Nf6 3. e3 c6 4. c4 e6 5. Nc3 Nbd7 6. Qc2 Be7 7. b3 0-0 8. Bd3 b6 9. 0-0 Bb7 10. Ne5 c5 11. Bb2 h6 12. Rad1 Rc8 13. Qe2 Qc7 14. Nb5 Qb8 15. Nxd7 Nxd7 16. cxd5 Bxd5 17. e4 Bb7 18. d5 exd5 19. Bxg7 Kxg7 20. Qg4+ Bg5 21. Qxd7 dxe4 22. Bc4 Rcd8 23. Qf5 Qf4 24. Qxf4 Bxf4 25. Nxa7 Bd2 26. Nb5 f5 27. Nc7 Bc8 28. Nd5 Ba5 29. Nf4 Rd4 30. Ne2 Rd2 31. Rxd2 Bxd2 32. Rd1 Bg5 33. Rd6 Rd8 34. Rxd8 Bxd8 35. Nf4 Kf6 36. g3 Ke5 37. Kf1 Bg5 38. Ne2 Bd2 39. a4 Bd7 40. Ng1 Kd4 41. Ne2+ Ke5 42. Bf7 Bc6 43. Bc4 Be8 44. Kg2 Bh5 45. h3 Be8 46. Kf1 Bd7 47. Kg2 f4 48. gxf4+ Bxf4 49. Nc3 Bg5 50. Nd5 Bd8 51. Ne3 Kd4 52. Ng4 Bg5 53. Bf7 Bc6 54. Kg3 Bd5 55. Bxd5 Kxd5 56. h4 Bd2 57. Nf6+ Kd4 58. Nd7 Ba5 59. Kf4 Kc3 60. Kxe4 Kxb3 61. Kd3 c4+ 62. Kd4 c3 63. Ne5 c2 64. Nd3 Bd2 65. Kd5 Kxa4 0-1